<?xml version="1.0" encoding="UTF-8"?>
<record
    xmlns:xsi="http://www.w3.org/2001/XMLSchema-instance"
    xsi:schemaLocation="http://www.loc.gov/MARC21/slim http://www.loc.gov/standards/marcxml/schema/MARC21slim.xsd"
    xmlns="http://www.loc.gov/MARC21/slim">

  <leader>01316nam a2200361 i 4500</leader>
  <controlfield tag="001">000008734</controlfield>
  <controlfield tag="003">DO-SdBNP</controlfield>
  <controlfield tag="005">20250807143718.0</controlfield>
  <controlfield tag="007">ta</controlfield>
  <controlfield tag="008">090918m19821986dr      rn    000 mdspa d</controlfield>
  <datafield tag="040" ind1=" " ind2=" ">
    <subfield code="a">DO-SdBNP</subfield>
    <subfield code="b">spa</subfield>
    <subfield code="c">DO-SdBNP</subfield>
    <subfield code="e">rda</subfield>
  </datafield>
  <datafield tag="041" ind1=" " ind2=" ">
    <subfield code="a">spa</subfield>
  </datafield>
  <datafield tag="082" ind1=" " ind2="4">
    <subfield code="a">RD860.9</subfield>
    <subfield code="b">C762h </subfield>
    <subfield code="2">22</subfield>
  </datafield>
  <datafield tag="100" ind1="1" ind2=" ">
    <subfield code="a">Cont&#xED;n Aybar, N&#xE9;stor,</subfield>
    <subfield code="d">1909 -2001</subfield>
    <subfield code="e">autor</subfield>
    <subfield code="4">aut.</subfield>
    <subfield code="9">10408</subfield>
  </datafield>
  <datafield tag="245" ind1="1" ind2="0">
    <subfield code="a">Historia de la literatura dominicana /</subfield>
    <subfield code="c">N&#xE9;stor Cont&#xED;n Aybar.</subfield>
  </datafield>
  <datafield tag="264" ind1=" " ind2="4">
    <subfield code="a">San Pedro de Macor&#xED;s, Rep&#xFA;blica Dominicana :</subfield>
    <subfield code="b">Universidad Central del Este,</subfield>
    <subfield code="c">&#xA9;1982-1986.</subfield>
  </datafield>
  <datafield tag="300" ind1=" " ind2=" ">
    <subfield code="a">vol&#xFA;menes ;</subfield>
    <subfield code="c">23 cm.</subfield>
  </datafield>
  <datafield tag="336" ind1=" " ind2=" ">
    <subfield code="a">texto</subfield>
    <subfield code="b">txt</subfield>
    <subfield code="2">rdacontent</subfield>
  </datafield>
  <datafield tag="337" ind1=" " ind2=" ">
    <subfield code="a">sin mediaci&#xF3;n</subfield>
    <subfield code="b">n</subfield>
    <subfield code="2">rdamedia</subfield>
  </datafield>
  <datafield tag="338" ind1=" " ind2=" ">
    <subfield code="a">volumen</subfield>
    <subfield code="b">nc</subfield>
    <subfield code="2">rdacarrier</subfield>
  </datafield>
  <datafield tag="490" ind1="1" ind2=" ">
    <subfield code="a">Colecci&#xF3;n Universidad Central del Este ;</subfield>
    <subfield code="v">45-54</subfield>
  </datafield>
  <datafield tag="490" ind1="1" ind2=" ">
    <subfield code="a">Serie Literaria</subfield>
    <subfield code="v">10-12</subfield>
  </datafield>
  <datafield tag="500" ind1=" " ind2=" ">
    <subfield code="a"> Incluye referencias bibliogr&#xE1;ficas y notas al pie de las p&#xE1;ginas.</subfield>
  </datafield>
  <datafield tag="500" ind1=" " ind2=" ">
    <subfield code="a">Incluye &#xED;ndice </subfield>
  </datafield>
  <datafield tag="504" ind1=" " ind2=" ">
    <subfield code="a"> </subfield>
  </datafield>
  <datafield tag="590" ind1=" " ind2=" ">
    <subfield code="a">Inventariado, 2025/BT</subfield>
  </datafield>
  <datafield tag="650" ind1=" " ind2="4">
    <subfield code="a">Literatura dominicana</subfield>
    <subfield code="x">Historia y cr&#xED;tica</subfield>
    <subfield code="9">159</subfield>
    <subfield code="2"> </subfield>
  </datafield>
  <datafield tag="650" ind1=" " ind2="4">
    <subfield code="a">Literatos dominicanos </subfield>
    <subfield code="v">Biograf&#xED;as </subfield>
    <subfield code="9">77645</subfield>
  </datafield>
  <datafield tag="830" ind1=" " ind2="0">
    <subfield code="a">Colecci&#xF3;n Universidad Central del Este ;</subfield>
    <subfield code="n">45-53</subfield>
    <subfield code="p">Serie Literaria 10-12</subfield>
    <subfield code="9">86965</subfield>
  </datafield>
  <datafield tag="910" ind1=" " ind2=" ">
    <subfield code="a">VMateo / Validado. Control de calidad. EMS</subfield>
  </datafield>
  <datafield tag="942" ind1=" " ind2=" ">
    <subfield code="2">ddc</subfield>
    <subfield code="c">LBS1</subfield>
  </datafield>
  <datafield tag="952" ind1=" " ind2=" ">
    <subfield code="0">0</subfield>
    <subfield code="1">0</subfield>
    <subfield code="2">ddc</subfield>
    <subfield code="5">1</subfield>
    <subfield code="7">0</subfield>
    <subfield code="8">PD</subfield>
    <subfield code="a">BNPHU</subfield>
    <subfield code="b">BNPHU</subfield>
    <subfield code="c">HD</subfield>
    <subfield code="d">2009-09-21</subfield>
    <subfield code="e">Ernesto Morales P&#xE9;rez </subfield>
    <subfield code="i"> </subfield>
    <subfield code="l">0</subfield>
    <subfield code="o">BNPHU PD  RD860.9 C762h</subfield>
    <subfield code="p">8734-110</subfield>
    <subfield code="r">2020-06-25</subfield>
    <subfield code="t">v. 3</subfield>
    <subfield code="w">2020-06-25</subfield>
    <subfield code="y">LBS1</subfield>
  </datafield>
  <datafield tag="952" ind1=" " ind2=" ">
    <subfield code="0">0</subfield>
    <subfield code="1">0</subfield>
    <subfield code="2">ddc</subfield>
    <subfield code="5">1</subfield>
    <subfield code="7">0</subfield>
    <subfield code="8">PD</subfield>
    <subfield code="a">BNPHU</subfield>
    <subfield code="b">BNPHU</subfield>
    <subfield code="c">HD</subfield>
    <subfield code="d">2009-09-21</subfield>
    <subfield code="i"> </subfield>
    <subfield code="l">0</subfield>
    <subfield code="o">BNPHU PD RD860.9 C762h</subfield>
    <subfield code="p">8734-120</subfield>
    <subfield code="r">2020-06-25</subfield>
    <subfield code="t">v. 3, e. 2</subfield>
    <subfield code="w">2020-06-25</subfield>
    <subfield code="y">LBS1</subfield>
  </datafield>
  <datafield tag="952" ind1=" " ind2=" ">
    <subfield code="0">0</subfield>
    <subfield code="1">0</subfield>
    <subfield code="2">ddc</subfield>
    <subfield code="5">6</subfield>
    <subfield code="7">0</subfield>
    <subfield code="8">DS</subfield>
    <subfield code="a">BNPHU</subfield>
    <subfield code="b">BNPHU</subfield>
    <subfield code="c">HD</subfield>
    <subfield code="d">2011-04-19</subfield>
    <subfield code="e">Donaci&#xF3;n</subfield>
    <subfield code="l">0</subfield>
    <subfield code="o">BNPHU DS RD860.9 C762h</subfield>
    <subfield code="p">8734-150</subfield>
    <subfield code="r">2020-06-25</subfield>
    <subfield code="t">v. 3,  e. 5</subfield>
    <subfield code="w">2020-06-25</subfield>
    <subfield code="y">LBS1</subfield>
    <subfield code="z">Perteneci&#xF3; a la biblioteca personal de Familia  Reyes Duluc.</subfield>
  </datafield>
  <datafield tag="952" ind1=" " ind2=" ">
    <subfield code="0">0</subfield>
    <subfield code="1">0</subfield>
    <subfield code="2">ddc</subfield>
    <subfield code="5">1</subfield>
    <subfield code="7">0</subfield>
    <subfield code="8">PD</subfield>
    <subfield code="a">BNPHU</subfield>
    <subfield code="b">BNPHU</subfield>
    <subfield code="c">HD</subfield>
    <subfield code="d">2013-11-22</subfield>
    <subfield code="l">0</subfield>
    <subfield code="o">BNPHU PD RD860.9 C762h</subfield>
    <subfield code="p">8734-160</subfield>
    <subfield code="r">2020-06-25</subfield>
    <subfield code="t">v. 4</subfield>
    <subfield code="w">2020-06-25</subfield>
    <subfield code="y">LBS1</subfield>
  </datafield>
  <datafield tag="952" ind1=" " ind2=" ">
    <subfield code="0">0</subfield>
    <subfield code="1">0</subfield>
    <subfield code="2">ddc</subfield>
    <subfield code="5">1</subfield>
    <subfield code="7">0</subfield>
    <subfield code="8">PD</subfield>
    <subfield code="a">BNPHU</subfield>
    <subfield code="b">BNPHU</subfield>
    <subfield code="c">HD</subfield>
    <subfield code="d">2019-03-28</subfield>
    <subfield code="e">Donaci&#xF3;n</subfield>
    <subfield code="i"> </subfield>
    <subfield code="l">0</subfield>
    <subfield code="o">BNPHU PD RD860.9 C762h</subfield>
    <subfield code="p">8734-170</subfield>
    <subfield code="r">2020-06-25</subfield>
    <subfield code="t">v. 4, e. 2</subfield>
    <subfield code="w">2020-06-25</subfield>
    <subfield code="y">LBS1</subfield>
    <subfield code="z">Perteneci&#xF3; a la biblioteca personal de Germ&#xE1;n Emilio Ornes.</subfield>
  </datafield>
  <datafield tag="952" ind1=" " ind2=" ">
    <subfield code="0">0</subfield>
    <subfield code="1">0</subfield>
    <subfield code="2">ddc</subfield>
    <subfield code="5">6</subfield>
    <subfield code="7">0</subfield>
    <subfield code="8">DS</subfield>
    <subfield code="a">BNPHU</subfield>
    <subfield code="b">BNPHU</subfield>
    <subfield code="c">HD</subfield>
    <subfield code="d">2009-09-21</subfield>
    <subfield code="i"> </subfield>
    <subfield code="l">0</subfield>
    <subfield code="o">BNPHU DS RD860.9 C762h</subfield>
    <subfield code="p">8734-30</subfield>
    <subfield code="r">2020-06-25</subfield>
    <subfield code="t">v. 1,  e. 3</subfield>
    <subfield code="w">2020-06-25</subfield>
    <subfield code="y">LBS1</subfield>
  </datafield>
  <datafield tag="952" ind1=" " ind2=" ">
    <subfield code="0">0</subfield>
    <subfield code="1">0</subfield>
    <subfield code="2">ddc</subfield>
    <subfield code="5">6</subfield>
    <subfield code="7">0</subfield>
    <subfield code="8">DS</subfield>
    <subfield code="a">BNPHU</subfield>
    <subfield code="b">BNPHU</subfield>
    <subfield code="c">HD</subfield>
    <subfield code="d">2009-09-21</subfield>
    <subfield code="e">Donado por la Presidencia de la Rep&#xFA;blica Dominicana 2023.</subfield>
    <subfield code="i"> </subfield>
    <subfield code="l">0</subfield>
    <subfield code="o">BNPHU DS RD860.9 C762h</subfield>
    <subfield code="p">8734-40</subfield>
    <subfield code="r">2020-06-25</subfield>
    <subfield code="t">v. 1,  e. 4</subfield>
    <subfield code="w">2020-06-25</subfield>
    <subfield code="y">LBS1</subfield>
    <subfield code="z">Perteneci&#xF3; a la biblioteca personal de Ren&#xE9; Rodr&#xED;guez Soriano.</subfield>
  </datafield>
  <datafield tag="952" ind1=" " ind2=" ">
    <subfield code="0">0</subfield>
    <subfield code="1">0</subfield>
    <subfield code="2">ddc</subfield>
    <subfield code="5">1</subfield>
    <subfield code="7">0</subfield>
    <subfield code="8">PD</subfield>
    <subfield code="a">BNPHU</subfield>
    <subfield code="b">BNPHU</subfield>
    <subfield code="c">HD</subfield>
    <subfield code="d">2009-09-21</subfield>
    <subfield code="i"> </subfield>
    <subfield code="l">0</subfield>
    <subfield code="o">BNPHU PD RD860.9 C762h</subfield>
    <subfield code="p">8734-70</subfield>
    <subfield code="r">2020-06-25</subfield>
    <subfield code="t">v. 2, e. 2</subfield>
    <subfield code="w">2020-06-25</subfield>
    <subfield code="y">LBS1</subfield>
  </datafield>
  <datafield tag="952" ind1=" " ind2=" ">
    <subfield code="0">0</subfield>
    <subfield code="1">0</subfield>
    <subfield code="2">ddc</subfield>
    <subfield code="5">6</subfield>
    <subfield code="7">0</subfield>
    <subfield code="8">DS</subfield>
    <subfield code="a">BNPHU</subfield>
    <subfield code="b">BNPHU</subfield>
    <subfield code="c">HD</subfield>
    <subfield code="d">2009-09-21</subfield>
    <subfield code="i"> </subfield>
    <subfield code="l">0</subfield>
    <subfield code="o">BNPHU DS RD860.9 C762h</subfield>
    <subfield code="p">8734-80</subfield>
    <subfield code="r">2020-06-25</subfield>
    <subfield code="t">v. 2, e. 3</subfield>
    <subfield code="w">2020-06-25</subfield>
    <subfield code="y">LBS1</subfield>
  </datafield>
  <datafield tag="952" ind1=" " ind2=" ">
    <subfield code="0">0</subfield>
    <subfield code="1">0</subfield>
    <subfield code="2">ddc</subfield>
    <subfield code="5">1</subfield>
    <subfield code="7">0</subfield>
    <subfield code="8">PD</subfield>
    <subfield code="a">BNPHU</subfield>
    <subfield code="b">BNPHU</subfield>
    <subfield code="c">HD</subfield>
    <subfield code="d">2009-09-18</subfield>
    <subfield code="i"> </subfield>
    <subfield code="l">0</subfield>
    <subfield code="o">BNPHU PD RD860.9 C762h</subfield>
    <subfield code="p">8734-10</subfield>
    <subfield code="r">2020-06-25</subfield>
    <subfield code="t">v. 1</subfield>
    <subfield code="w">2020-06-25</subfield>
    <subfield code="y">LBS1</subfield>
  </datafield>
  <datafield tag="952" ind1=" " ind2=" ">
    <subfield code="0">0</subfield>
    <subfield code="1">0</subfield>
    <subfield code="2">ddc</subfield>
    <subfield code="5">6</subfield>
    <subfield code="7">0</subfield>
    <subfield code="8">DS</subfield>
    <subfield code="a">BNPHU</subfield>
    <subfield code="b">BNPHU</subfield>
    <subfield code="c">HD</subfield>
    <subfield code="d">2009-09-21</subfield>
    <subfield code="e">Donado por Manuel Ort&#xED;z</subfield>
    <subfield code="i"> </subfield>
    <subfield code="l">0</subfield>
    <subfield code="o">BNPHU PD RD860.9 C762h</subfield>
    <subfield code="p">8734-100</subfield>
    <subfield code="r">2020-06-25</subfield>
    <subfield code="t">v. 2, e.5</subfield>
    <subfield code="w">2020-06-25</subfield>
    <subfield code="y">LBS1</subfield>
  </datafield>
  <datafield tag="952" ind1=" " ind2=" ">
    <subfield code="0">0</subfield>
    <subfield code="1">0</subfield>
    <subfield code="2">ddc</subfield>
    <subfield code="5">6</subfield>
    <subfield code="7">0</subfield>
    <subfield code="8">DS</subfield>
    <subfield code="a">BNPHU</subfield>
    <subfield code="b">BNPHU</subfield>
    <subfield code="c">HD</subfield>
    <subfield code="d">2009-09-21</subfield>
    <subfield code="e">Donado por la Presidencia de la Rep&#xFA;blica Dominicana 2023.</subfield>
    <subfield code="i"> </subfield>
    <subfield code="l">0</subfield>
    <subfield code="o">BNPHU DS RD860.9 C762h</subfield>
    <subfield code="p">8734-130</subfield>
    <subfield code="r">2020-06-25</subfield>
    <subfield code="t">v. 3, e.3</subfield>
    <subfield code="w">2020-06-25</subfield>
    <subfield code="y">LBS1</subfield>
    <subfield code="z">Perteneci&#xF3; a la biblioteca personal de Ren&#xE9; Rodr&#xED;guez Soriano.</subfield>
  </datafield>
  <datafield tag="952" ind1=" " ind2=" ">
    <subfield code="0">0</subfield>
    <subfield code="1">0</subfield>
    <subfield code="2">ddc</subfield>
    <subfield code="5">6</subfield>
    <subfield code="7">0</subfield>
    <subfield code="8">DS</subfield>
    <subfield code="a">BNPHU</subfield>
    <subfield code="b">BNPHU</subfield>
    <subfield code="c">HD</subfield>
    <subfield code="d">2009-09-21</subfield>
    <subfield code="e">Donado por Manuel Ort&#xED;z</subfield>
    <subfield code="i"> </subfield>
    <subfield code="l">0</subfield>
    <subfield code="o">BNPHU DS  RD860.9 C762h</subfield>
    <subfield code="p">8734-140</subfield>
    <subfield code="r">2020-06-25</subfield>
    <subfield code="t">v. 3, e. 4</subfield>
    <subfield code="w">2020-06-25</subfield>
    <subfield code="y">LBS1</subfield>
  </datafield>
  <datafield tag="952" ind1=" " ind2=" ">
    <subfield code="0">0</subfield>
    <subfield code="1">0</subfield>
    <subfield code="2">ddc</subfield>
    <subfield code="5">1</subfield>
    <subfield code="7">0</subfield>
    <subfield code="8">PD</subfield>
    <subfield code="a">BNPHU</subfield>
    <subfield code="b">BNPHU</subfield>
    <subfield code="c">HD</subfield>
    <subfield code="d">2009-09-21</subfield>
    <subfield code="e">Donado por Ubi Rivas </subfield>
    <subfield code="i"> </subfield>
    <subfield code="l">0</subfield>
    <subfield code="o">BNPHU PD RD860.9 C762h </subfield>
    <subfield code="p">8734-20</subfield>
    <subfield code="r">2020-06-25</subfield>
    <subfield code="t">v. 1,  e. 2</subfield>
    <subfield code="w">2020-06-25</subfield>
    <subfield code="y">LBS1</subfield>
  </datafield>
  <datafield tag="952" ind1=" " ind2=" ">
    <subfield code="0">0</subfield>
    <subfield code="1">0</subfield>
    <subfield code="2">ddc</subfield>
    <subfield code="5">6</subfield>
    <subfield code="7">0</subfield>
    <subfield code="8">DS</subfield>
    <subfield code="a">BNPHU</subfield>
    <subfield code="b">BNPHU</subfield>
    <subfield code="c">HD</subfield>
    <subfield code="d">2009-09-21</subfield>
    <subfield code="e">Donado por INTEC</subfield>
    <subfield code="i"> </subfield>
    <subfield code="l">0</subfield>
    <subfield code="o">BNPHU DS RD860.9 C762h </subfield>
    <subfield code="p">8734-50</subfield>
    <subfield code="r">2020-06-25</subfield>
    <subfield code="t">v. 1, e.5</subfield>
    <subfield code="w">2020-06-25</subfield>
    <subfield code="y">LBS1</subfield>
  </datafield>
  <datafield tag="952" ind1=" " ind2=" ">
    <subfield code="0">0</subfield>
    <subfield code="1">0</subfield>
    <subfield code="2">ddc</subfield>
    <subfield code="5">1</subfield>
    <subfield code="7">0</subfield>
    <subfield code="8">PD</subfield>
    <subfield code="a">BNPHU</subfield>
    <subfield code="b">BNPHU</subfield>
    <subfield code="c">HD</subfield>
    <subfield code="d">2009-09-21</subfield>
    <subfield code="i"> </subfield>
    <subfield code="l">0</subfield>
    <subfield code="o"> BNPHU PD RD860.9 C762h</subfield>
    <subfield code="p">8734-60</subfield>
    <subfield code="r">2020-06-25</subfield>
    <subfield code="t">v. 2</subfield>
    <subfield code="w">2020-06-25</subfield>
    <subfield code="y">LBS1</subfield>
  </datafield>
  <datafield tag="952" ind1=" " ind2=" ">
    <subfield code="0">0</subfield>
    <subfield code="1">0</subfield>
    <subfield code="2">ddc</subfield>
    <subfield code="5">6</subfield>
    <subfield code="7">0</subfield>
    <subfield code="8">DS</subfield>
    <subfield code="a">BNPHU</subfield>
    <subfield code="b">PD</subfield>
    <subfield code="c">HD</subfield>
    <subfield code="d">2009-09-21</subfield>
    <subfield code="e">Donado por la Presidencia de la Rep&#xFA;blica Dominicana 2023.</subfield>
    <subfield code="i"> </subfield>
    <subfield code="l">0</subfield>
    <subfield code="o">BNPHU PD RD860.9 C762h</subfield>
    <subfield code="p">8734-90</subfield>
    <subfield code="r">2020-06-25</subfield>
    <subfield code="t">v.2, e.4</subfield>
    <subfield code="w">2020-06-25</subfield>
    <subfield code="y">LBS1</subfield>
    <subfield code="z">Perteneci&#xF3; a la biblioteca personal de Ren&#xE9; Rodr&#xED;guez Soriano.</subfield>
  </datafield>
  <datafield tag="952" ind1=" " ind2=" ">
    <subfield code="0">0</subfield>
    <subfield code="1">0</subfield>
    <subfield code="2">ddc</subfield>
    <subfield code="5">6</subfield>
    <subfield code="7">0</subfield>
    <subfield code="8">DS</subfield>
    <subfield code="a">BNPHU</subfield>
    <subfield code="b">BNPHU</subfield>
    <subfield code="c">HD</subfield>
    <subfield code="d">2014-05-15</subfield>
    <subfield code="l">0</subfield>
    <subfield code="o">BNPHU DS RD860.9 C762h</subfield>
    <subfield code="p">2021-0022</subfield>
    <subfield code="r">2020-11-02</subfield>
    <subfield code="t">v.4, e.4</subfield>
    <subfield code="w">2020-11-02</subfield>
    <subfield code="y">LBS1</subfield>
  </datafield>
  <datafield tag="952" ind1=" " ind2=" ">
    <subfield code="0">0</subfield>
    <subfield code="1">0</subfield>
    <subfield code="2">ddc</subfield>
    <subfield code="5">6</subfield>
    <subfield code="7">0</subfield>
    <subfield code="8">DS</subfield>
    <subfield code="a">BNPHU</subfield>
    <subfield code="b">BNPHU</subfield>
    <subfield code="c">HD</subfield>
    <subfield code="d">2019-09-12</subfield>
    <subfield code="l">0</subfield>
    <subfield code="o">BNPHU DS RD860.9 C762h</subfield>
    <subfield code="p">2021-1160</subfield>
    <subfield code="r">2020-11-02</subfield>
    <subfield code="t">v.4, e.5</subfield>
    <subfield code="w">2020-11-02</subfield>
    <subfield code="y">LBS1</subfield>
  </datafield>
  <datafield tag="952" ind1=" " ind2=" ">
    <subfield code="0">0</subfield>
    <subfield code="1">0</subfield>
    <subfield code="2">ddc</subfield>
    <subfield code="5">6</subfield>
    <subfield code="7">0</subfield>
    <subfield code="8">DS</subfield>
    <subfield code="a">BNPHU</subfield>
    <subfield code="b">BNPHU</subfield>
    <subfield code="c">HD</subfield>
    <subfield code="d">2013-05-09</subfield>
    <subfield code="l">0</subfield>
    <subfield code="o">BNPHU DS RD860.9 C762h</subfield>
    <subfield code="p">2021-0021</subfield>
    <subfield code="r">2020-11-02</subfield>
    <subfield code="t">v.4, e.3</subfield>
    <subfield code="w">2020-11-02</subfield>
    <subfield code="y">LBS1</subfield>
  </datafield>
  <datafield tag="956" ind1=" " ind2=" ">
    <subfield code="a"> </subfield>
  </datafield>
  <datafield tag="999" ind1=" " ind2=" ">
    <subfield code="c">8504</subfield>
    <subfield code="d">8504</subfield>
  </datafield>
</record>
